| 000 | 00363 a2200145 4500 | ||
|---|---|---|---|
| 999 |
_c12038 _d12038 |
||
| 003 | OSt | ||
| 005 | 20240117164120.0 | ||
| 008 | 240117b ||||| |||| 00| 0 eng d | ||
| 020 | _a9788957703120 | ||
| 082 | _a712 | ||
| 100 | _aRim Y.B. | ||
| 245 | _aLandscape Architect, Vol.4: Yoo Byung Rim | ||
| 260 |
_bArchitecture World History (ARCH _c2010 |
||
| 942 | _2ddc | ||